000 00719nam a2200229 i 4500
001 105419
003 ES-MaACL
005 20230906183859.0
007 t|
008 060710s1980 fr o ||||1|bfre d
020 _a2-234-01260-0
080 _a929Han, Suyin
080 _a94(510)"1966/69"
100 1 _aHan, Suyin.
_961708
245 1 3 _aLa moisson du phénix /
_cHan Suyin ; traduit de l'anglais par Anne Rabinovitch.
260 _aParis :
_bStock,
_c1980.
300 _a409 p., [8] p. de fot. ;
_c22 cm.
600 1 4 _aHan, Suyin.
_961708
651 4 _aChina-
_xHistoria-
_yS.XX-
_vRelatos personales.
_9155388
700 1 _aRabinovitch, Anne.
_994867
852 _aES-MaACL
_jAND-214
_z- Biblioteca Juan Andrade
999 _c105419
_d105419